000 01170nam a22003257a 4500
003 OSt
005 20230712084640.0
008 221006b |||||||| |||| 00| 0 eng d
040 _cBiblioteca Lado V
082 _a700
_bH225m
100 _9881
_aHammond, Anna
_eeditor
245 _aMoMA/
260 _c1993
_bThe Museum of Modern Art
_aNew York
300 _c21.5x27.5cm
_a21p.
490 _v1993
_x0893-0279
_asummer
505 _aLatin American Artists of the Twentieth Century
505 _aDiego Rivera's Dream of a Sunday Afternoon in the Alameda Park
505 _aPreview: The Tokyo International Forum by Rafael Viñoly Architects
505 _aReinstallation of the Painting and Sculpture Galleries
505 _aFrom the Archives
505 _aIn Brief
505 _aMembers Programs
505 _aLooking Ahead...
650 _2Tesauro de Arte & Arquitectura
_aARTE
650 _2Tesauro de Arte & Arquitectura
_aMUSEO
650 _2Tesauro de Arte & Arquitectura
_aMoMA
650 _2Tesauro de Arte & Arquitectura
_aCULTURA
651 _2Tesauro de Arte & Arquitectura
_aNEW YORK
942 _2ddc
_c1
_h700
_iH225m
_n0
999 _c4014
_d4014